000 00654nam a2200193Ii 4500
003 JO-AjNU
008 230605s9999||||xx |||||||||||||| ||und||
040 _aJO-AjNU
_bara
_erda
_cJO-AjNU
041 _aara
050 1 4 _aTL233.A2.;65
100 3 _aكونراد، يواقيم ؛ ترجمه ؛محمد عبدالمجيد نصار ,
_eauthor
_948882
245 0 0 _aهندسة الجرارات
264 3 1 _aالقاهرة: مؤسسة الاهرام ، د.ت
300 _a290ص
_bصور توضيحية
336 _atext
_btxt
_2rdacontent
337 _aunmediated
_bn
_2rdamedia
338 _avolume
_bnc
_2rdacarrier
650 4 _aهندسة
_948883
999 _aA21436
_c25004
_d25004